Frontier Airlines Airlines - Statistics

General Stats
  • This quiz has been taken 22 times
  • The average score is 67 of 101
Answer Stats
Country Destination % Correct
United States Denver
100%
United States Los Angeles
100%
United States Seattle/Tacoma
100%
United States Boston
91%
United States Charlotte
91%
United States Cleveland
91%
United States Dallas/Fort Worth
91%
United States Detroit
91%
United States Houston
91%
United States Indianapolis
91%
United States Jacksonville
91%
United States Miami
91%
United States Minneapolis
91%
United States New York
91%
United States Portland (ME)
91%
United States Portland (OR)
91%
United States Salt Lake City
91%
United States San Francisco
91%
United States San Jose
91%
Costa Rica San José
91%
Mexico San José del Cabo
91%
United States St. Louis
91%
United States Washington
91%
United States Atlanta
82%
United States Austin
82%
United States Chicago
82%
United States Cincinnati
82%
United States Columbus
82%
United States Kansas City
82%
United States Las Vegas
82%
United States Milwaukee
82%
United States New Orleans
82%
United States Orlando
82%
United States Philadelphia
82%
United States Phoenix
82%
United States San Antonio
82%
United States San Diego
82%
United States Tampa
82%
Aruba Aruba
73%
Mexico Cancún
73%
United States El Paso
73%
United States Fort Lauderdale
73%
United States Little Rock
73%
United States Madison
73%
United States Memphis
73%
United States Omaha
73%
United States Pittsburgh
73%
United States Raleigh/Durham
73%
United States Sacramento
73%
Puerto Rico San Juan
73%
El Salvador San Salvador
73%
United States Tucson
73%
United States Baltimore
64%
United States Boise
64%
United States Buffalo
64%
United States Charleston
64%
United States Des Moines
64%
United States Fort Myers
64%
United States Hartford
64%
United States Nashville
64%
United States Norfolk
64%
United States Oklahoma City
64%
Dominican Republic Punta Cana
64%
United States Reno
64%
Dominican Republic Santo Domingo
64%
United States Savannah
64%
Sint Maarten Sint Maarten
64%
United States Spokane
64%
United States West Palm Beach
64%
United States Grand Rapids
55%
United States Green Bay
55%
Guatemala Guatemala City
55%
United States Long Island/Islip
55%
United States Ontario
55%
United States Pensacola
55%
United States Syracuse
55%
United States Burbank
45%
United States Burlington
45%
Jamaica Montego Bay
45%
Puerto Rico Ponce
45%
U.S. Virgin Islands Saint Croix
45%
U.S. Virgin Islands Saint Thomas
45%
Honduras San Pedro Sula
45%
United States Sarasota
45%
Antigua & Barbuda St. John's
45%
Puerto Rico Aguadilla
36%
United States Fargo
36%
United States Fayetteville
36%
United States Knoxville
36%
United States Myrtle Beach
36%
Dominican Republic Puerto Plata
36%
Mexico Puerto Vallarta
36%
Dominican Republic Santiago de los Caballeros
36%
United States Cedar Rapids
27%
United States Harrisburg
27%
United States Palm Springs
27%
United States Santa Ana
27%
United States Sioux Falls
27%
United States Trenton
27%
United States Everett
9%
United States Missoula
0%
No matching quizzes found
Score Distribution
Percent of People with Each Score
Percentile by Number Answered
Your Score History
You have not taken this quiz